| 000 | 00818nam a2200265Ia 4500 | ||
|---|---|---|---|
| 003 | OSt | ||
| 005 | 20220925221743.0 | ||
| 006 | a|||||r|||| 00| 0 | ||
| 007 | ta | ||
| 008 | 220923b |||||||| |||| 00| 0 eng d | ||
| 020 |
_a094611000X _cPd 7.95 |
||
| 037 |
_b259dt, 19/12/1985, IBH _cGeneral Book |
||
| 040 |
_aRTL _cRTL _beng |
||
| 041 |
_2eng _aeng |
||
| 082 | _aQ7:(X62), M2 | ||
| 100 |
_aAli Muazzam Ed. _9287054 |
||
| 245 | 0 | _aIslamic banks and strategies of eocnomic cooperati | |
| 260 |
_aLondon _bNew Century Publishers UK _c1982 |
||
| 300 |
_a120p _ccm. |
||
| 490 | _aInternational Association of Islamic Banks | ||
| 500 | _aAppendix p. 89-120 | ||
| 650 |
_aIslam _9577 |
||
| 942 |
_hQ7:(X62), M2 _cGB _2CC |
||
| 999 |
_c575273 _d575273 |
||